<?xml version="1.0" encoding="UTF-8"?>
<marc:record xmlns:marc="http://www.loc.gov/MARC21/slim">
   <marc:leader>00000nam a2200000 a 4500</marc:leader>
   <marc:datafield ind1="1" ind2=" " tag="100">
      <marc:subfield code="a">Gourley, Kashelle</marc:subfield>
      <marc:subfield code="4">aut</marc:subfield>
      <marc:subfield code="e">Verfasser/-in</marc:subfield>
   </marc:datafield>
   <marc:datafield ind1=" " ind2=" " tag="653">
      <marc:subfield code="a">Bilderbuch</marc:subfield>
   </marc:datafield>
   <marc:datafield ind1=" " ind2=" " tag="653">
      <marc:subfield code="a">Freundschaft</marc:subfield>
   </marc:datafield>
   <marc:datafield ind1=" " ind2=" " tag="653">
      <marc:subfield code="a">Tiergeschichten</marc:subfield>
   </marc:datafield>
   <marc:datafield ind1=" " ind2=" " tag="653">
      <marc:subfield code="a">Arktisgeschichte</marc:subfield>
   </marc:datafield>
   <marc:datafield ind1="0" ind2="0" tag="245">
      <marc:subfield code="a">Bo und Lars</marc:subfield>
   </marc:datafield>
   <marc:datafield ind1="0" ind2="0" tag="245">
      <marc:subfield code="b">eine unerwartete Freundschaft</marc:subfield>
   </marc:datafield>
   <marc:datafield ind1="0" ind2="0" tag="245">
      <marc:subfield code="c">Gourley, Kashelle</marc:subfield>
   </marc:datafield>
   <marc:datafield ind1=" " ind2="1" tag="264">
      <marc:subfield code="a">Bindlach</marc:subfield>
      <marc:subfield code="b">Loewe</marc:subfield>
      <marc:subfield code="c">2023</marc:subfield>
   </marc:datafield>
   <marc:datafield ind1="1" ind2=" " tag="520">
      <marc:subfield code="a">Quelle: bn.bibliotheksnachrichten (http://www.biblio.at/literatur/bn/index.html); &#xD;
Autor: Maria Schmuckermair; &#xD;
In der Einsamkeit der Arktis freunden sich die winzig kleine Bo und ein riesiger Eisbär an. (ab 3) (JD)&#xD;
Das Mädchen Bo haust allein in einem Iglu am Nordpol und ruft durch ein Megaphon den Eisbergen zu: »Hört auf zu schmelzen!« Plötzlich bringt eine heftige Erschütterung ihr kleines Haus zum Einsturz. Ein sehr hungriger Eisbär trottet heran. Das widerspenstige Kind frisst er aber nicht, weil sich der kleine Bissen nicht auszahlt und Bo sogar verspricht, ihm bei der Futtersuche zu helfen. Gemeinsam jagen sie erfolgreich nach Fisch, doch Bo bricht in das Eis ein und der Eisbär Lars muss sie retten. Auch wenn es am Nordpol bitterkalt ist  die neue Freundschaft erwärmt die Herzen von Bo und Lars.&#xD;
Auf den beiden letzten Seiten werden zwei brennende Umweltthemen sachlich erklärt: Die Auswirkungen des Klimawandels auf die Arktis und damit auch auf die Eisbären. Die sehr helle, freundliche Illustration ist vorwiegend in pastelligen Blau-, Rot- und Gelbtönen gehalten, mit viel Weißanteil. Die Gefühle und Stimmungen der Figuren werden durch überdeutliche Mimik und Körperhaltung ausgedrückt.&#xD;
Ein hübsches, freundliches Bilderbuch, das die Themen Klimawandel und Freundschaft in Verbindung bringt. Ab 3 Jahren zu empfehlen!</marc:subfield>
   </marc:datafield>
   <marc:datafield ind1=" " ind2=" " tag="020">
      <marc:subfield code="a">9783743215177</marc:subfield>
      <marc:subfield code="9">9783743215177</marc:subfield>
   </marc:datafield>
   <marc:datafield ind1=" " ind2=" " tag="020">
      <marc:subfield code="a">3743215179</marc:subfield>
      <marc:subfield code="9">3743215179</marc:subfield>
   </marc:datafield>
   <marc:datafield ind1=" " ind2=" " tag="041">
      <marc:subfield code="a">ger</marc:subfield>
   </marc:datafield>
   <marc:datafield ind1=" " ind2=" " tag="300">
      <marc:subfield code="b">Illustrationen</marc:subfield>
   </marc:datafield>
   <marc:datafield ind1=" " ind2=" " tag="338">
      <marc:subfield code="a">Band</marc:subfield>
   </marc:datafield>
   <marc:datafield ind1=" " ind2=" " tag="300">
      <marc:subfield code="a">36 ungezählte Seiten</marc:subfield>
   </marc:datafield>
</marc:record>
